Leaning Against the Wind : A Cost-Benefit Analysis for an Integrated Policy Framework /

This paper takes a new approach to assess the costs and benefits of using different policy tools-macroprudential, monetary, foreign exchange interventions, and capital flow management-in response to changes in financial conditions. The approach evaluates net benefits of policies using quadratic loss...

全面介紹

書目詳細資料
主要作者: Brandao-Marques, Luis
其他作者: Gelos, R., Narita, Machiko, Nier, Erlend
格式: 雜誌
語言:English
出版: Washington, D.C. : International Monetary Fund, 2020.
叢編:IMF Working Papers; Working Paper ; No. 2020/123
在線閱讀:Full text available on IMF
LEADER 02085cas a2200277 a 4500
001 AALejournalIMF021082
008 230101c9999 xx r poo 0 0eng d
020 |c 5.00 USD 
020 |z 9781513549651 
022 |a 1018-5941 
040 |a BD-DhAAL  |c BD-DhAAL 
100 1 |a Brandao-Marques, Luis. 
245 1 0 |a Leaning Against the Wind :   |b A Cost-Benefit Analysis for an Integrated Policy Framework /  |c Luis Brandao-Marques, R. Gelos, Machiko Narita, Erlend Nier. 
264 1 |a Washington, D.C. :  |b International Monetary Fund,  |c 2020. 
300 |a 1 online resource (59 pages) 
490 1 |a IMF Working Papers 
500 |a <strong>Off-Campus Access:</strong> No User ID or Password Required 
500 |a <strong>On-Campus Access:</strong> No User ID or Password Required 
506 |a Electronic access restricted to authorized BRAC University faculty, staff and students 
520 3 |a This paper takes a new approach to assess the costs and benefits of using different policy tools-macroprudential, monetary, foreign exchange interventions, and capital flow management-in response to changes in financial conditions. The approach evaluates net benefits of policies using quadratic loss functions, estimating policy effects on the full distribution of future output growth and inflation with quantile regressions. Tightening macroprudential policy dampens downside risks to growth stemming from loose financial conditions, and is beneficial in net terms. By contrast, tightening monetary policy entails net losses, calling for caution in the use of monetary policy to 'lean against the wind.' These findings hold when policies are used in response to easing global financial conditions. Buying foreign-exchange or tightening capital controls has small net benefits. 
538 |a Mode of access: Internet 
700 1 |a Gelos, R. 
700 1 |a Narita, Machiko. 
700 1 |a Nier, Erlend. 
830 0 |a IMF Working Papers; Working Paper ;  |v No. 2020/123 
856 4 0 |z Full text available on IMF  |u http://elibrary.imf.org/view/journals/001/2020/123/001.2020.issue-123-en.xml  |z IMF e-Library